Internet banking a jeho využitie v SR bakalárska práca

Na minha lista:
Detalhes bibliográficos
Autor principal: Valaška, Martin
Autor Corporativo: Národohospodárska fakulta EU. Katedra bankovníctva a medzinárodných financií
Outros Autores: Korduliak, Peter
Formato: Livro
Idioma:eslovaco
Publicado em: Bratislava 2009
Tags: Adicionar Tag
Sem tags, seja o primeiro a adicionar uma tag!

MARC

LEADER 00000nam$a2200000$$$4500
001 0100218
005 20240319123239.9
041 0 |a slo 
044 |a SK 
245 1 0 |a Internet banking a jeho využitie v SR  |b bakalárska práca  |c Martin Valaška ; škol. Peter Korduliak 
264 1 |a Bratislava  |c 2009 
300 |a 38 s. 
100 1 |a Valaška, Martin 
700 1 |a Korduliak, Peter 
710 2 |a Národohospodárska fakulta EU. Katedra bankovníctva a medzinárodných financií